000
00316nam a22001337a 4500
008
170130b xxu||||| |||| 00| 0 eng d
020
_a
9780132439930
041
_a
eng
080
_2
6TH
_a
61
100
_a
3
101
_a
SHMI
245
_a
INSTRUCTOR'S RESOURCE MANUL MEDICAL TERMINOLOGY
_c
RICE, J
942
_2
udc
_c
BK
999
_c
4025
_d
4025